Advanced Civil Infrastructure Materials Science, Mechanics and Applications/ (Record no. 1182)

000 -LEADER
fixed length control field 00372 a2200109 4500
020 ## - INTERNATIONAL STANDARD BOOK NUMBER
International Standard Book Number 9781855739437
082 ## - DEWEY DECIMAL CLASSIFICATION NUMBER
Classification number 691 WU
100 ## - MAIN ENTRY--PERSONAL NAME
Personal name Wu, Hwai Chung
245 ## - TITLE STATEMENT
Title Advanced Civil Infrastructure Materials Science, Mechanics and Applications/
Statement of responsibility, etc. Edited by Hwai Chung Wu
260 ## - PUBLICATION, DISTRIBUTION, ETC.
Place of publication, distribution, etc. England :
Name of publisher, distributor, etc. Woodhead Publications,
Date of publication, distribution, etc. 2006
300 ## - PHYSICAL DESCRIPTION
Extent xiv, 360p. :
Other physical details ill. ;
Dimensions 26 cm
650 ## - SUBJECT ADDED ENTRY--TOPICAL TERM
Topical term or geographic name entry element Civil engineering materials
Holdings
Withdrawn status Lost status Damaged status Not for loan Permanent Location Current Location Shelving location Date acquired Total Checkouts Full call number Barcode Date last seen Price effective from Koha item type
        School of Civil and Environmental Engineering (SCEE) School of Civil and Environmental Engineering (SCEE)       691 WU NIT-6816 01/05/2017 01/05/2017 Book
© 2023 Central Library, National University of Sciences and Technology. All Rights Reserved.